| 000 | 02809cam a22003498a 4500 | ||
|---|---|---|---|
| 001 | 16314999 | ||
| 005 | 20110518161844.0 | ||
| 008 | 100705s2010 vtu 001 0 eng | ||
| 010 | _a 2010026830 | ||
| 020 | _a1409402878 | ||
| 020 | _a9781409402879 | ||
| 040 |
_aDLC _cDLC |
||
| 050 | 0 | 0 |
_aHQ1170 _b.M8466 2010 |
| 082 | 0 | 0 |
_a305.697091821 _222 _bMUS |
| 245 | 0 | 0 |
_aMuslim Diaspora in the West : _bNegotiating Gender, Home and Belonging / _cEdited by Haideh Moghissi and Halleh Ghorashi. |
| 260 |
_aBurlington, VT : _bAshgate, 2010 _c2010. |
||
| 300 |
_a222 p. ; _c24 cm. |
||
| 490 | 0 |
_aResearch in migration and ethnic relations series _924319 |
|
| 500 | _aIncludes index. | ||
| 505 | 0 | _aIntroduction / Haideh Moghissi -- Culturalist approach of women's emancipation in the Netherlands / Halleh Ghorashi -- Globalization and women's leadership in the Muslim diaspora : an intersectional analysis / Fauzia Erfan Ahmed -- Emergence of a transnational Muslim feminist consciousness among women in the WENAAZ (Western Europe, North America, Australia & New Zealand) context / Cassandra Balchin -- Multiculturalism and religious legislation in Sweden / Anne Sofie Roald -- Iranian immigrant in Britain / Vida Nassehi-Behnam -- Changing spousal relations in diaspora : Muslims in Canada / Haideh Moghissi -- Sexing diaspora : negotiating sexuality in shifting cultural landscape / Fataneh Farahani -- Styles of religious practice : Muslim youth cultures in Europe / Thijl Sunier -- The struggle to stay on the middle ground : on the radicalization of young Muslims in Europe / David Thurfjell -- Young French women of Muslim descent : discriminatory social context and politicization / Sepideh Farkhondeh -- Making homes in turbulent times : Moroccan-Dutch Muslims contesting dominant discourses of belonging / Marjo Buitelaar & Femke Stock -- Understanding Dutch Islam : exploring the relationship between Muslims, the state and public sphere in the Netherlands / Martijn de Koning -- Between Iraq and a hard place : Iraqis in diaspora / Jacqueline Ismael and Shereen Ismael -- Conclusion / Halleh Ghorashi. | |
| 650 | 0 |
_aMuslim women _zWestern countries. _924320 |
|
| 650 | 0 |
_aMuslim families _zWestern countries. _924321 |
|
| 650 | 0 |
_aMuslim diaspora. _924322 |
|
| 650 | 0 |
_aIslam _xCustoms and practices. _924323 |
|
| 650 | 0 |
_aMulticulturalism. _924324 |
|
| 653 |
_bPol _cMay2011 |
||
| 700 | 1 |
_aMoghissi, Haideh, _d1944- _eedt _924325 |
|
| 700 | 1 |
_aGhorashi, Halleh. _eedt _924326 |
|
| 942 |
_2ddc _cARCH |
||
| 999 |
_c15445 _d15445 |
||